Statistics for Regions and districts of Slovakia (Kraje a okresy SR)

Click here to take the quiz!

General Stats

  • This quiz has been taken 145 times
  • The average score is 53 of 87

Answer Stats

Answer% Correct
Prešov
94%
Žilina
85%
Trenčín
84%
Banská Bystrica
83%
Nitra
81%
Trnava
81%
Poprad
80%
Komárno
76%
Liptovský Mikuláš
74%
Martin
72%
Michalovce
72%
Spišská Nová Ves
72%
Ružomberok
71%
Bratislavský
70%
Humenné
70%
Zvolen
70%
Bardejov
69%
Košický
69%
Banskobystrický
68%
Prešovský
68%
Levice
67%
Dunajská Streda
66%
Trnavský
66%
Žilinský
66%
Čadca
64%
Malacky
64%
Žiar nad Hronom
64%
Galanta
63%
Nitriansky
63%
Senec
63%
Bratislava 1
62%
Bratislava 2
62%
Bratislava 3
62%
Brezno
62%
Senica
62%
Snina
62%
Trenčiansky
62%
Banská Štiavnica
61%
Bratislava 4
61%
Bratislava 5
61%
Pezinok
61%
Púchov
60%
Rožňava
60%
Trebišov
60%
Nové Zámky
59%
Prievidza
59%
Kežmarok
57%
Lučenec
57%
Medzilaborce
57%
Piešťany
57%
Rimavská Sobota
57%
Topoľčany
57%
Košice 1
56%
Košice 2
56%
Košice 3
56%
Námestovo
56%
Nové Mesto nad Váhom
56%
Považská Bystrica
56%
Revúca
56%
Dolný Kubín
55%
Košice 4
55%
Stará Ľubovňa
55%
Svidník
55%
Ilava
54%
Levoča
54%
Myjava
54%
Šaľa
54%
Sabinov
53%
Vranov nad Topľou
52%
Bánovce nad Bebravou
51%
Bytča
51%
Poltár
50%
Skalica
50%
Detva
49%
Gelnica
49%
Stropkov
49%
Žarnovica
49%
Hlohovec
48%
Partizánske
48%
Sobrance
48%
Turčianske Teplice
48%
Tvrdošín
48%
Zlaté Moravce
45%
Veľký Krtíš
44%
Košice - okolie
40%
Kysucké Nové Mesto
40%
Krupina
39%

Score Distribution

Percentile by Number Answered

Percent of People with Each Score

Your Score History

You have not taken this quiz